00515 2200217 4500001002100000005001500021008004100036020002200077035001900099041000700118082000800125090001400133100002000147700001800167245002700185250001600212260002100228300002200249500001000271650001600281INLIS00000000000394720241224112823241224||||||||| | ||| |||| || |  a978-979-756-314-1 0010-1224003947 aid0 a421 a421 SIA g0 aSanggam Siahaan0 aKisno Shinoda00aGeneric Text Structure aEd. Pertama bGraha Ilmuc2008 a160 hlm. : 23 cm. aCet.1 0aIlmu Bahasa